[Event "6th Hainan Danzhou 2015"]
[Site "Danzhou CHN"]
[Date "2015.07.05"]
[Round "4"]
[White "Ni Hua"]
[Black "Sasikiran, K."]
[Result "1-0"]
[WhiteElo "2703"]
[BlackElo "2640"]
[PlyCount "95"]
[EventDate "2015.07.02"]

1. e4 e5 2. Nf3 Nc6 3. Bb5 Nf6 4. O-O Nxe4 5. d4 Nd6 6. Bxc6 dxc6 7. dxe5 Nf5
8. Qxd8+ Kxd8 9. h3 h6 10. Rd1+ Ke8 11. Nc3 Be6 12. g4 Ne7 13. Nd4 Rd8 14. Bf4
Nd5 15. Nxe6 fxe6 16. Ne2 b5 17. b3 Bc5 18. c4 bxc4 19. bxc4 Nb6 20. Rxd8+ Kxd8
21. h4 Ke7 22. g5 hxg5 23. Bxg5+ Kf7 24. Rd1 Be7 25. Bxe7 Kxe7 26. Nf4 Rb8 27.
Ng6+ Ke8 28. Rb1 Ra8 29. c5 Nd5 30. Rb3 Ne7 31. h5 a5 32. Kg2 a4 33. Rb7 Nd5
34. a3 Kd7 35. Rb2 Ke8 36. Rc2 Ne7 37. Rc4 Ra5 38. Nxe7 Kxe7 39. Kg3 Rb5 40.
Kg4 Rb2 41. Rf4 Ra2 42. Rf3 Rb2 43. Kg5 Rb3 44. Rg3 Kf7 45. Re3 Rb1 46. Rf3+
Kg8 47. Kg6 Rb3 48. Rf7 1-0

[Event "6th Hainan Danzhou 2015"]
[Site "Danzhou CHN"]
[Date "2015.07.05"]
[Round "4"]
[White "Wei Yi"]
[Black "Yu Yangyi"]
[Result "1/2-1/2"]
[WhiteElo "2724"]
[BlackElo "2736"]
[PlyCount "113"]
[EventDate "2015.07.02"]

1. e4 c5 2. Nf3 Nc6 3. Nc3 e5 4. Bc4 Be7 5. d3 d6 6. O-O Nf6 7. Ng5 O-O 8. f4
Bg4 9. Qe1 exf4 10. Bxf4 Nd4 11. Qf2 h6 12. Nf3 Nxf3+ 13. gxf3 Bh3 14. Bxh6
Bxf1 15. Qg3 Nh5 16. Qg4 Qc8 17. Rxf1 Qxg4+ 18. fxg4 gxh6 19. gxh5 Kh8 20. Ne2
Rg8+ 21. Kh1 Rg4 22. Ng3 Bg5 23. Rxf7 Rf4 24. Nf5 Rf2 25. h4 Bc1 26. Rxb7 Rf8
27. Bf7 Rxc2 28. Bg6 Rxf5 29. exf5 Bxb2 30. Rxa7 Be5 31. a4 Rh2+ 32. Kg1 Rxh4
33. a5 c4 34. Rh7+ Kg8 35. dxc4 Rxc4 36. Rxh6 Ra4 37. Rh7 Rxa5 38. Kg2 Ra3 39.
Re7 Rg3+ 40. Kf2 Rh3 41. Rf7 Rh4 42. Kg2 Rh2+ 43. Kf3 Rh4 44. Rd7 Rf4+ 45. Ke3
Rh4 46. Rf7 Bd4+ 47. Kd3 Be5 48. Rd7 Rd4+ 49. Kc3 Ra4+ 50. Kb3 Rh4 51. Rf7 Ba1
52. Re7 Be5 53. Rd7 Kh8 54. Rh7+ Kg8 55. Rd7 Kh8 56. Rh7+ Kg8 57. Rd7 1/2-1/2

[Event "6th Hainan Danzhou 2015"]
[Site "Danzhou CHN"]
[Date "2015.07.05"]
[Round "4"]
[White "Bu Xiangzhi"]
[Black "Wang Yue"]
[Result "1/2-1/2"]
[WhiteElo "2695"]
[BlackElo "2716"]
[PlyCount "68"]
[EventDate "2015.07.02"]

1. c4 c5 2. Nf3 Nc6 3. d4 cxd4 4. Nxd4 Nf6 5. Nc3 e6 6. a3 Nxd4 7. Qxd4 b6 8.
Nb5 Ba6 9. Bf4 Bxb5 10. cxb5 Bc5 11. Qd3 d5 12. e3 Bd6 13. Bg5 Rc8 14. Qd4 Bc5
15. Qa4 h6 16. Bh4 O-O 17. Bd3 Bd6 18. O-O g5 19. Bg3 Bxg3 20. hxg3 Nd7 21. Qd4
Qc7 22. f4 Qc5 23. Kf2 Rc7 24. Ke2 Qxd4 25. exd4 Kg7 26. Rac1 Rfc8 27. Rxc7
Rxc7 28. f5 Nf6 29. fxe6 fxe6 30. Kd2 Ne8 31. Re1 Kf6 32. Rh1 Kg7 33. Re1 Kf6
34. Rh1 Kg7 1/2-1/2

[Event "Dutch Championship 2015"]
[Site "Amsterdam NED"]
[Date "2015.07.05"]
[Round "1"]
[White "Bok, B."]
[Black "Ernst, S."]
[Result "1-0"]
[WhiteElo "2562"]
[BlackElo "2545"]
[PlyCount "59"]
[EventDate "2015.07.05"]

1. e4 c5 2. Nf3 Nc6 3. Bb5 Nf6 4. Bxc6 dxc6 5. d3 Bg4 6. h3 Bxf3 7. Qxf3 g6 8.
O-O Nd7 9. Be3 Bg7 10. Nd2 a5 11. Rab1 O-O 12. Qe2 e5 13. a4 Qe7 14. Nc4 b5 15.
Nd2 f5 16. exf5 gxf5 17. f3 Nb6 18. Qf2 Nxa4 19. b3 Nc3 20. Bxc5 Qd7 21. Bxf8
Rxf8 22. Rbe1 e4 23. Kh1 exd3 24. cxd3 Qxd3 25. Re7 Bf6 26. Rb7 Kh8 27. Re1 Qd6
28. Qe3 Nd5 29. Qh6 Be7 30. Re6 1-0

[Event "Dutch Championship 2015"]
[Site "Amsterdam NED"]
[Date "2015.07.05"]
[Round "1"]
[White "Van Wely, L."]
[Black "L'Ami, E."]
[Result "1/2-1/2"]
[WhiteElo "2647"]
[BlackElo "2628"]
[PlyCount "59"]
[EventDate "2015.07.05"]

1. d4 Nf6 2. c4 e6 3. Nf3 b6 4. g3 Bb7 5. Bg2 Be7 6. O-O O-O 7. Re1 Na6 8. Nc3
Ne4 9. Bf4 Nxc3 10. bxc3 Be4 11. Bf1 Bxf3 12. exf3 Bg5 13. Bxg5 Qxg5 14. Qa4
Nb8 15. f4 Qd8 16. Bg2 c6 17. Rad1 Qc8 18. h4 Na6 19. h5 h6 20. Qc2 Nc7 21. f5
Qd8 22. fxe6 Nxe6 23. d5 cxd5 24. Bxd5 Rc8 25. Re5 Rc5 26. Rf5 Nc7 27. Bg2 Ne6
28. Bd5 Nc7 29. Bg2 Ne6 30. Bd5 1/2-1/2

[Event "Dutch Championship 2015"]
[Site "Amsterdam NED"]
[Date "2015.07.05"]
[Round "1"]
[White "Pruijssers, R."]
[Black "Van Kampen, R."]
[Result "0-1"]
[WhiteElo "2507"]
[BlackElo "2609"]
[PlyCount "108"]
[EventDate "2015.07.05"]

1. e4 c5 2. Nf3 e6 3. d4 cxd4 4. Nxd4 Nc6 5. Nc3 Qc7 6. Be3 a6 7. Qd2 Nf6 8. f4
Bb4 9. Bd3 Na5 10. a3 Bxc3 11. Qxc3 Qxc3+ 12. bxc3 d5 13. exd5 exd5 14. Nb3 Nc4
15. Bd4 Ne4 16. O-O O-O 17. Rfe1 Ned6 18. Bc5 Rd8 19. Nd4 Bd7 20. Bxd6 Nxd6 21.
Re5 Bc6 22. Rb1 Nb5 23. Bxb5 axb5 24. Nxb5 g6 25. Nd4 Rxa3 26. Rb3 Rda8 27. Re7
Rxb3 28. cxb3 Ra1+ 29. Kf2 Rc1 30. b4 Ba4 31. Rc7 b6 32. h4 h5 33. f5 Kg7 34.
fxg6 Kxg6 35. b5 Kf6 36. Ke2 Ke5 37. Ra7 Ra1 38. Rxf7 Ra2+ 39. Ke3 Rxg2 40.
Rf5+ Kd6 41. Rxh5 Rg3+ 42. Kd2 Rg2+ 43. Ke3 Rg3+ 44. Kd2 Rg2+ 45. Ke1 Kc5 46.
Rh7 Kc4 47. Rc7+ Kd3 48. Ra7 Bd1 49. Nc6 Bb3 50. Rc7 Kxc3 51. h5 Bc4 52. Rf7
Re2+ 53. Kd1 d4 54. Nxd4 Rd2+ 0-1

[Event "Dutch Championship 2015"]
[Site "Amsterdam NED"]
[Date "2015.07.05"]
[Round "1"]
[White "Giri, A."]
[Black "Tiviakov, S."]
[Result "1/2-1/2"]
[WhiteElo "2791"]
[BlackElo "2639"]
[PlyCount "67"]
[EventDate "2015.07.05"]

1. e4 e6 2. d4 d5 3. Nc3 Nf6 4. e5 Nfd7 5. f4 c5 6. Nf3 Nc6 7. Be3 cxd4 8. Nxd4
Bc5 9. Qd2 O-O 10. O-O-O a6 11. Kb1 Nxd4 12. Bxd4 b5 13. g3 b4 14. Ne2 a5 15.
Bh3 Qc7 16. Rhe1 Re8 17. f5 Nxe5 18. Bxe5 Qxe5 19. Nf4 Qd6 20. Nxd5 e5 21. Qe2
Bb7 22. Bg2 e4 23. Nc3 Qf6 24. Nxe4 Bxe4 25. Bxe4 Rac8 26. Qb5 Bd4 27. Bb7 Rxe1
28. Rxe1 Rf8 29. Re8 Qb6 30. Qd7 Bf6 31. Bf3 h6 32. Rxf8+ Kxf8 33. Qc8+ Ke7 34.
Qb7+ 1/2-1/2

[Event "6th Hainan Danzhou 2015"]
[Site "Danzhou CHN"]
[Date "2015.07.06"]
[Round "5"]
[White "Bruzon Batista, Lazaro"]
[Black "Wang, Chen"]
[Result "1/2-1/2"]
[WhiteElo "2669"]
[BlackElo "2521"]
[PlyCount "130"]
[EventDate "2015.07.02"]

1. d4 Nf6 2. c4 e6 3. Nc3 d5 4. cxd5 exd5 5. Bg5 c6 6. Qc2 Na6 7. e3 Nc7 8. Bd3
Be7 9. Nge2 g6 10. h3 Ne6 11. Bh4 Nh5 12. Bxe7 Qxe7 13. O-O-O Nc7 14. Kb1 Bd7
15. Nc1 Ng7 16. Rhe1 O-O 17. f3 b6 18. Qf2 Rad8 19. e4 Be6 20. g4 c5 21. dxc5
Qxc5 22. Qg3 dxe4 23. Nxe4 Qe7 24. f4 Nd5 25. a3 h6 26. Ne2 f5 27. gxf5 Bxf5
28. Nd4 Qc7 29. Bc2 Kh7 30. Qb3 Nxf4 31. Nxf5 Nxf5 32. Rxd8 Qxd8 33. Rd1 Qe8
34. Qc3 Qe6 35. Qc7+ Ng7 36. Rd6 Qe5 37. Qxa7 Nxh3 38. Qxb6 Nf4 39. Ka2 Nfe6
40. Rd7 Rb8 41. Nf6+ Kh8 42. Ng4 Qf4 43. Qe3 Qxe3 44. Nxe3 Nf4 45. a4 h5 46. a5
Nge6 47. Ka3 Nc5 48. Rf7 Nfd3 49. Nc4 h4 50. Nb6 Ne5 51. Rf4 Kg7 52. Rxh4 Rf8
53. Rh3 Rf4 54. Re3 Nf3 55. b4 Nd4 56. Ba4 Na6 57. Rc3 Rf5 58. Rd3 Rf4 59. Nd5
Rh4 60. Bd7 Nc2+ 61. Kb3 Ncxb4 62. Nxb4 Rxb4+ 63. Kc3 Rb1 64. Rd2 Nc5 65. Bc6
Kf7 1/2-1/2

[Event "6th Hainan Danzhou 2015"]
[Site "Danzhou CHN"]
[Date "2015.07.06"]
[Round "5"]
[White "Yu, Yangyi"]
[Black "Bu, Xiangzhi"]
[Result "1/2-1/2"]
[WhiteElo "2736"]
[BlackElo "2695"]
[PlyCount "147"]
[EventDate "2015.07.02"]

1. e4 e5 2. Nf3 Nc6 3. Bb5 a6 4. Ba4 Nf6 5. O-O b5 6. Bb3 Bb7 7. d3 Be7 8. Nc3
O-O 9. a3 d6 10. Ne2 h6 11. Ng3 Re8 12. Re1 Bf8 13. c3 d5 14. exd5 Na5 15. c4
c6 16. Rxe5 bxc4 17. Rxe8 Nxe8 18. dxc6 Bxc6 19. dxc4 Rb8 20. Qxd8 Rxd8 21. Ba2
Rd1+ 22. Nf1 Nd6 23. b3 Ne4 24. Bb2 Rxa1 25. Bxa1 Bxa3 26. Ne3 Bb4 27. Nd4 Nc3
28. Nxc6 Nxc6 29. Bxc3 Bxc3 30. Nd5 Ba5 31. Bb1 Nb4 32. Ne3 Bb6 33. Nf5 Bc5 34.
Be4 g6 35. Ng3 f5 36. Bb1 Kf7 37. h4 h5 38. Ne2 Nc6 39. Nf4 a5 40. Bc2 Bd6 41.
Nh3 Kf6 42. f4 Nd4 43. Bd1 Ne6 44. g3 Ke7 45. Kf1 Bc5 46. Nf2 Bxf2 47. Kxf2 Kd6
48. Ke2 Kc5 49. Ke3 Kb4 50. Kd3 Nc5+ 51. Kd4 Nxb3+ 52. Bxb3 Kxb3 53. c5 a4 54.
c6 a3 55. c7 a2 56. c8=Q a1=Q+ 57. Kd5 Qd1+ 58. Ke6 Qe1+ 59. Kf7 Qxg3 60. Qe6+
Kc3 61. Qxg6 Qxf4 62. Qxh5 Qc7+ 63. Kg6 Qd6+ 64. Kg5 Qd2+ 65. Kxf5 Qd5+ 66. Kg4
Qd1+ 67. Kg5 Qd2+ 68. Kf6 Qd6+ 69. Kf7 Qd7+ 70. Kg8 Qd8+ 71. Kg7 Qe7+ 72. Qf7
Qxh4 73. Qf6+ Qxf6+ 74. Kxf6 1/2-1/2

[Event "6th Hainan Danzhou 2015"]
[Site "Danzhou CHN"]
[Date "2015.07.06"]
[Round "5"]
[White "Sasikiran, Krishnan"]
[Black "Wei, Yi"]
[Result "1/2-1/2"]
[WhiteElo "2640"]
[BlackElo "2724"]
[PlyCount "98"]
[EventDate "2015.07.02"]

1. d4 Nf6 2. Nf3 g6 3. Bg5 Bg7 4. Nbd2 O-O 5. e3 d6 6. c3 Nbd7 7. Bd3 e5 8. O-O
Qe8 9. e4 h6 10. Bh4 Nh5 11. Re1 Ndf6 12. Nc4 b5 13. Ne3 Bb7 14. a4 bxa4 15. d5
c6 16. c4 Nd7 17. Bc2 Nb6 18. dxc6 Qxc6 19. Nd2 Nf4 20. Nd5 Qc5 21. b4 Qd4 22.
Be7 Rfc8 23. Bxd6 Bxd5 24. cxd5 Bf8 25. Bxf8 Kxf8 26. Nf3 Qxd1 27. Bxd1 Nd3 28.
Re3 Nxb4 29. Nxe5 Rc7 30. d6 Rc5 31. Nd3 Rb5 32. h4 Nxd3 33. Rxd3 Rb4 34. f4
Rd8 35. Bf3 g5 36. hxg5 hxg5 37. fxg5 Nc4 38. d7 Ke7 39. Bd1 Nb2 40. Rc3 Nxd1
41. Rxd1 Rxd7 42. Rxd7+ Kxd7 43. Rf3 Ke7 44. Rf5 Ke6 45. Rf6+ Ke7 46. Ra6 Rxe4
47. Rxa7+ Ke6 48. Kf2 Re5 49. Rxa4 Rxg5 1/2-1/2

[Event "6th Hainan Danzhou 2015"]
[Site "Danzhou CHN"]
[Date "2015.07.06"]
[Round "5"]
[White "Lu, Shanglei"]
[Black "Ni, Hua"]
[Result "0-1"]
[WhiteElo "2595"]
[BlackElo "2703"]
[PlyCount "78"]
[EventDate "2015.07.02"]

1. e4 e5 2. Nf3 Nc6 3. c3 d5 4. Bb5 dxe4 5. Nxe5 Qd5 6. Qa4 Nge7 7. f4 exf3 8.
Nxf3 a6 9. Be2 Ng6 10. Qb3 Qxb3 11. axb3 Nf4 12. Bb5 Rb8 13. Bxc6+ bxc6 14. d4
Nd3+ 15. Kd2 Bf5 16. Ne1 Nxe1 17. Rxe1+ Kd7 18. Rf1 g6 19. Kd1 Bd6 20. h3 Rhe8
21. Nd2 Re7 22. Nc4 Bd3 23. Rf6 Rxb3 24. Nxd6 cxd6 25. Ra5 Be2+ 26. Kc2 Bc4 27.
Kd1 d5 28. Rc5 Rb6 29. b4 Bb3+ 30. Kd2 Kc7 31. b5 axb5 32. Ba3 Re8 33. Rxf7+
Kb8 34. Bc1 Ra6 35. Kd3 Ka8 36. c4 Bxc4+ 37. Kc3 Rb8 38. Bf4 b4+ 39. Kb2 Rb7
0-1

[Event "Dutch Championship 2015"]
[Site "Amsterdam NED"]
[Date "2015.07.06"]
[Round "2"]
[White "Van Kampen, Robin"]
[Black "Van Wely, Loek"]
[Result "0-1"]
[WhiteElo "2609"]
[BlackElo "2647"]
[PlyCount "134"]
[EventDate "2015.07.05"]

1. e4 c5 2. Nf3 e6 3. d4 cxd4 4. Nxd4 a6 5. Bd3 Bc5 6. Nb3 Be7 7. Qg4 g6 8. Qe2
d6 9. a4 Nc6 10. O-O Ne5 11. Nc3 Nf6 12. Bh6 Nfg4 13. Bd2 O-O 14. a5 Bd7 15. f4
Nxd3 16. cxd3 Nf6 17. Be3 e5 18. d4 Bg4 19. Qd3 exf4 20. Rxf4 Bd7 21. h3 b5 22.
axb6 Qxb6 23. Na5 Rfc8 24. Rf2 Bb5 25. Qd1 Qd8 26. Qf3 Qe8 27. Bg5 Rxc3 28.
bxc3 Nxe4 29. Bxe7 Qxe7 30. c4 Be8 31. Rb2 f5 32. Rb7 Qg5 33. Re1 Qd2 34. Rxe4
fxe4 35. Qf6 Qh6 36. Qe6+ Kh8 37. Qf6+ Kg8 38. Qe6+ Kh8 39. Qxd6 Ba4 40. Qe5+
Kg8 41. Qxe4 Re8 42. Qf3 g5 43. c5 Qe6 44. Qd3 Qf6 45. Qc4+ Kh8 46. Rf7 Qg6 47.
Rf2 g4 48. Qxa4 Re1+ 49. Rf1 gxh3 50. Qc6 Rxf1+ 51. Kh2 Qxg2+ 52. Qxg2 hxg2 53.
Kxg2 Rd1 54. Nc6 Kg7 55. Kf3 Kf6 56. Ke2 Rc1 57. Nb8 a5 58. d5 Ke7 59. d6+ Ke6
60. Na6 h5 61. Kd2 Rg1 62. Nc7+ Kd7 63. Nd5 h4 64. Nf6+ Kc6 65. d7 Kc7 66. c6
Rg5 67. Ke3 Rc5 0-1

[Event "Dutch Championship 2015"]
[Site "Amsterdam NED"]
[Date "2015.07.06"]
[Round "2"]
[White "Tiviakov, Sergei"]
[Black "Ernst, Sipke"]
[Result "1/2-1/2"]
[WhiteElo "2639"]
[BlackElo "2545"]
[PlyCount "47"]
[EventDate "2015.07.05"]

1. e4 e5 2. Nf3 Nc6 3. Bb5 a6 4. Ba4 Nf6 5. d3 d6 6. c3 Be7 7. O-O O-O 8. Re1
b5 9. Bc2 d5 10. Nbd2 d4 11. cxd4 exd4 12. Nb3 a5 13. a4 bxa4 14. Rxa4 Bb4 15.
Bd2 Bg4 16. h3 Bxf3 17. Qxf3 Nd7 18. Qe2 Nb6 19. Bxb4 Nxa4 20. Bxf8 Qxf8 21.
Ra1 Nb6 22. Nd2 a4 23. Qd1 Nb4 24. Nf3 1/2-1/2

[Event "Dutch Championship 2015"]
[Site "Amsterdam NED"]
[Date "2015.07.06"]
[Round "2"]
[White "Giri, Anish"]
[Black "Pruijssers, Roeland"]
[Result "1-0"]
[WhiteElo "2791"]
[BlackElo "2507"]
[PlyCount "85"]
[EventDate "2015.07.05"]

1. e4 e5 2. Nf3 Nc6 3. Bb5 a6 4. Ba4 Nf6 5. O-O Nxe4 6. d4 b5 7. Bb3 d5 8. dxe5
Be6 9. Be3 Be7 10. c3 O-O 11. Nbd2 Qd7 12. Bc2 Nxd2 13. Qxd2 Na5 14. Nd4 c5 15.
Qd3 g6 16. Nxe6 fxe6 17. Bh6 Rf7 18. Qg3 Kh8 19. h4 Rg8 20. Rad1 Nc6 21. Rfe1
Bd8 22. Qh3 g5 23. hxg5 Bxg5 24. Rd3 Bxh6 25. Qxh6 c4 26. Rh3 d4 27. Bg6 Rfg7
28. Be4 Rf7 29. f4 d3 30. Kh2 Rg4 31. Rh5 Rgg7 32. Bg6 Qd5 33. Rg5 Re7 34. Re3
d2 35. Reg3 Qd8 36. Bc2 Qf8 37. Rxg7 Rxg7 38. Rxg7 Qxg7 39. Qxe6 Ne7 40. Qd6 h5
41. Qxd2 Qg4 42. f5 Nd5 43. f6 1-0

[Event "Dutch Championship 2015"]
[Site "Amsterdam NED"]
[Date "2015.07.06"]
[Round "2"]
[White "L'Ami, Erwin"]
[Black "Bok, Benjamin"]
[Result "1/2-1/2"]
[WhiteElo "2628"]
[BlackElo "2562"]
[PlyCount "41"]
[EventDate "2015.07.05"]

1. d4 Nf6 2. c4 g6 3. Nc3 d5 4. cxd5 Nxd5 5. Bd2 Bg7 6. e4 Nxc3 7. Bxc3 O-O 8.
Rc1 c5 9. dxc5 Qxd1+ 10. Kxd1 Rd8+ 11. Ke1 Bh6 12. Ra1 Nd7 13. Rd1 Rf8 14. b4
a5 15. Bb5 axb4 16. Bxb4 Nf6 17. a4 Nxe4 18. Ne2 Nf6 19. f3 Be6 20. Nd4 Bd5 21.
Kf2 1/2-1/2

[Event "6th Hainan Danzhou 2015"]
[Site "Danzhou CHN"]
[Date "2015.07.07"]
[Round "6"]
[White "Wang, Chen"]
[Black "Ni, Hua"]
[Result "0-1"]
[WhiteElo "2521"]
[BlackElo "2703"]
[PlyCount "94"]
[EventDate "2015.07.02"]

1. e4 c5 2. Nc3 Nc6 3. g3 g6 4. Bg2 Bg7 5. f4 e6 6. Nf3 Nge7 7. O-O O-O 8. d3
b6 9. Kh1 Bb7 10. Qe1 a6 11. Nd1 Nd4 12. Ne3 Nxf3 13. Bxf3 Qc7 14. Bg2 f5 15.
c3 Rad8 16. Nc4 fxe4 17. dxe4 b5 18. Nd2 e5 19. Nf3 d5 20. fxe5 h6 21. Be3 dxe4
22. Nd2 Rxf1+ 23. Qxf1 Qxe5 24. Qe2 Nf5 25. Re1 g5 26. a4 c4 27. Bb6 Re8 28. g4
Nd6 29. Qe3 Qf4 30. Qe2 Be5 31. Nf1 Qf7 32. Ng3 Bd5 33. Bc5 e3 34. Bxd6 Bxd6
35. Nf5 Bf8 36. axb5 axb5 37. Rf1 Qb7 38. Bxd5+ Qxd5+ 39. Qg2 Qd3 40. Nd4 Bg7
41. Nf5 e2 42. Re1 Qd2 43. Qf2 b4 44. Kg2 b3 45. Qg3 Bf8 46. Nd4 Qxb2 47. Qf3
Qd2 0-1

[Event "6th Hainan Danzhou 2015"]
[Site "Danzhou CHN"]
[Date "2015.07.07"]
[Round "6"]
[White "Wei, Yi"]
[Black "Lu, Shanglei"]
[Result "1/2-1/2"]
[WhiteElo "2724"]
[BlackElo "2595"]
[PlyCount "111"]
[EventDate "2015.07.02"]

1. e4 c5 2. Nf3 d6 3. d4 cxd4 4. Nxd4 Nf6 5. Nc3 g6 6. Be3 Bg7 7. f3 Nc6 8. Qd2
O-O 9. O-O-O d5 10. Qe1 e6 11. Kb1 Qe7 12. Bg5 h6 13. Bh4 Nxd4 14. Rxd4 Qc5 15.
Rd1 dxe4 16. Bxf6 Bxf6 17. Nxe4 Qe5 18. Nxf6+ Qxf6 19. h4 b6 20. h5 g5 21. Qe4
Rb8 22. Bd3 Rd8 23. Qh7+ Kf8 24. Bg6 Bd7 25. Bd3 Bc6 26. Be4 Bb5 27. Bd3 Bc6
28. Be4 Ba4 29. b3 Ke7 30. Bd5 Rxd5 31. Rxd5 exd5 32. bxa4 Rc8 33. Re1+ Kf8 34.
Qd3 Rc5 35. Re3 Kg7 36. a3 Ra5 37. Qb3 Qd4 38. Rd3 Qxa4 39. Qb2+ f6 40. Rb3 Qe8
41. g4 Qe1+ 42. Ka2 Rc5 43. Rd3 Qe2 44. Kb1 a6 45. a4 Qf1+ 46. Ka2 Qf2 47. c3
Qxb2+ 48. Kxb2 Kf7 49. Kc2 a5 50. Rd1 Ke6 51. Kd3 Ke5 52. Re1+ Kf4 53. Re6 Kxf3
54. Rxf6+ Kxg4 55. Rxh6 b5 56. Ra6 1/2-1/2

[Event "6th Hainan Danzhou 2015"]
[Site "Danzhou CHN"]
[Date "2015.07.07"]
[Round "6"]
[White "Bu, Xiangzhi"]
[Black "Sasikiran, Krishnan"]
[Result "1/2-1/2"]
[WhiteElo "2695"]
[BlackElo "2640"]
[PlyCount "110"]
[EventDate "2015.07.02"]

1. Nf3 Nf6 2. c4 e6 3. d4 d5 4. Nc3 Be7 5. Bg5 h6 6. Bxf6 Bxf6 7. e3 O-O 8. Rc1
c6 9. Bd3 Nd7 10. O-O dxc4 11. Bxc4 e5 12. Ne4 exd4 13. Nxd4 Qe7 14. Ng3 Bxd4
15. Qxd4 Nf6 16. e4 Rd8 17. Qc3 Be6 18. Rfe1 Bxc4 19. Qxc4 Qe5 20. Qc3 Qxc3 21.
Rxc3 a5 22. f3 Ne8 23. Rcc1 a4 24. Red1 Kf8 25. Nf5 h5 26. Ne3 Nd6 27. a3 Nb5
28. Kf1 g6 29. Ke1 Ke7 30. Nc4 Rd4 31. Ke2 Ra6 32. Ne5 Rxd1 33. Rxd1 Nd6 34.
Rd4 Ra5 35. Nc4 Nxc4 36. Rxc4 Rb5 37. Rb4 Rxb4 38. axb4 b5 39. Kd3 Kd6 40. Kd4
c5+ 41. bxc5+ Kc6 42. h4 b4 43. Kc4 a3 44. bxa3 bxa3 45. Kb3 Kxc5 46. Kxa3 Kd4
47. Kb4 f5 48. exf5 gxf5 49. Kb5 Ke3 50. Kc6 Kf2 51. Kd5 Kxg2 52. Ke5 Kg3 53.
Kxf5 Kxh4 54. Kg6 Kg3 55. Kxh5 Kxf3 1/2-1/2

[Event "6th Hainan Danzhou 2015"]
[Site "Danzhou CHN"]
[Date "2015.07.07"]
[Round "6"]
[White "Bruzon Batista, Lazaro"]
[Black "Wang, Yue"]
[Result "0-1"]
[WhiteElo "2669"]
[BlackElo "2716"]
[PlyCount "98"]
[EventDate "2015.07.02"]

1. e4 e5 2. Nf3 Nf6 3. Nxe5 d6 4. Nf3 Nxe4 5. d4 d5 6. Bd3 Nc6 7. O-O Be7 8.
Re1 Bg4 9. c4 Nf6 10. Nc3 Nxd4 11. cxd5 Bxf3 12. gxf3 c5 13. d6 Qxd6 14. Nb5
Nxb5 15. Bxb5+ Kf8 16. Qe2 Qc7 17. Bf4 Bd6 18. Bxd6+ Qxd6 19. Rad1 Qc7 20. Qe3
a6 21. Ba4 h5 22. Rd5 Rc8 23. Re5 b5 24. Re7 Qb8 25. Bb3 c4 26. Bc2 Rh6 27. Ra7
Nd5 28. Qd4 Rd8 29. Qh4 Kg8 30. Rb7 Qd6 31. Rd1 Qf8 32. Kh1 Rhd6 33. Rg1 Nf6
34. a4 bxa4 35. Bxa4 Kh8 36. Qxc4 Rd4 37. Qb3 Nd5 38. Bc6 Kg8 39. Bxd5 R4xd5
40. Qc4 Qd6 41. Qc3 g6 42. Qb3 Qf4 43. Rb6 a5 44. Rg3 Kh7 45. Qc3 Rf5 46. Rc6
Qd2 47. Rgxg6 Qxc3 48. Rh6+ Kg7 49. bxc3 f6 0-1

[Event "Dutch Championship 2015"]
[Site "Amsterdam NED"]
[Date "2015.07.07"]
[Round "3"]
[White "Van Wely, Loek"]
[Black "Giri, Anish"]
[Result "1/2-1/2"]
[WhiteElo "2647"]
[BlackElo "2791"]
[PlyCount "63"]
[EventDate "2015.07.05"]

1. Nf3 d5 2. g3 g6 3. Bg2 Bg7 4. d4 Nd7 5. O-O Ngf6 6. c4 dxc4 7. Qa4 O-O 8.
Qxc4 Nb6 9. Qc5 Bf5 10. Bf4 Ne4 11. Qxc7 Nd5 12. Qxb7 Nxf4 13. gxf4 Qd6 14. Qb3
Qxf4 15. Nc3 Rab8 16. Qa3 Ng5 17. Nd5 Nxf3+ 18. Qxf3 Qd6 19. Qg3 Qd8 20. Qa3
Re8 21. Rad1 a5 22. Ne3 Be6 23. b3 Rc8 24. d5 Bd7 25. Rc1 Bb5 26. Rxc8 Qxc8 27.
Rc1 Qa6 28. Nc4 a4 29. Qb4 axb3 30. axb3 Bf8 31. Qd2 Rc8 32. e3 1/2-1/2

[Event "Dutch Championship 2015"]
[Site "Amsterdam NED"]
[Date "2015.07.07"]
[Round "3"]
[White "Bok, Benjamin"]
[Black "Van Kampen, Robin"]
[Result "1/2-1/2"]
[WhiteElo "2562"]
[BlackElo "2609"]
[PlyCount "53"]
[EventDate "2015.07.05"]

1. e4 e6 2. d4 d5 3. Nc3 Bb4 4. exd5 exd5 5. Bd3 Nf6 6. Nge2 c6 7. O-O O-O 8.
h3 Re8 9. Ng3 Nbd7 10. Qf3 Nf8 11. Nce2 Ng6 12. c3 Bd6 13. Bg5 Be7 14. Nf4 Nxf4
15. Bxf4 g6 16. Rae1 Be6 17. Re2 Nd7 18. Rfe1 Nf8 19. Bh6 Bd6 20. Bf4 Be7 21.
Re3 Qb6 22. Bh6 Qc7 23. Ne2 Qd8 24. Nf4 Bg5 25. Bxg5 Qxg5 26. Re5 Qh4 27. g3
1/2-1/2

[Event "Dutch Championship 2015"]
[Site "Amsterdam NED"]
[Date "2015.07.07"]
[Round "3"]
[White "Pruijssers, Roeland"]
[Black "Tiviakov, Sergei"]
[Result "1-0"]
[WhiteElo "2507"]
[BlackElo "2639"]
[PlyCount "65"]
[EventDate "2015.07.05"]

1. e4 e6 2. d4 d5 3. e5 c5 4. c3 Nc6 5. Nf3 Qb6 6. a3 c4 7. g3 Na5 8. Nbd2 Bd7
9. h4 Ne7 10. h5 h6 11. Bh3 Nec6 12. Nh4 Be7 13. Ng2 O-O-O 14. O-O f6 15. exf6
Bxf6 16. Nf4 e5 17. Nxd5 Qb5 18. Bg2 exd4 19. a4 Qa6 20. Ne4 Nb3 21. Nd6+ Kb8
22. Bf4 Be5 23. Nb4 Nxb4 24. Bxe5 Nc6 25. Bf4 Ka8 26. Ra3 Nca5 27. cxd4 Be8 28.
Qg4 Nxd4 29. Re3 Bxa4 30. Qxg7 Bc6 31. Qxd4 Bxg2 32. Kxg2 Rhf8 33. Qc5 1-0

[Event "Dutch Championship 2015"]
[Site "Amsterdam NED"]
[Date "2015.07.07"]
[Round "3"]
[White "Ernst, Sipke"]
[Black "L'Ami, Erwin"]
[Result "1-0"]
[WhiteElo "2545"]
[BlackElo "2628"]
[PlyCount "123"]
[EventDate "2015.07.05"]

1. d4 Nf6 2. c4 e6 3. Nf3 Bb4+ 4. Nbd2 O-O 5. e3 d5 6. a3 Be7 7. b4 c6 8. Bb2
a5 9. c5 b6 10. Be2 Ba6 11. O-O Nbd7 12. Bxa6 Rxa6 13. Qc2 Qa8 14. Rfc1 Qb7 15.
Ne1 axb4 16. axb4 Rxa1 17. Bxa1 Ra8 18. Nd3 Ne8 19. Nb3 bxc5 20. bxc5 Nc7 21.
Bc3 Nb5 22. Ra1 Rxa1+ 23. Bxa1 Bd8 24. Qa2 Bc7 25. Qa4 h6 26. h3 Kf8 27. Bb2
Nb8 28. Nb4 Ke8 29. f3 Kd7 30. Nc1 Qa7 31. Qxa7 Nxa7 32. Nb3 Nb5 33. Kf2 Bd8
34. g4 Nc7 35. Bc3 Nba6 36. Nd3 f6 37. Ba5 Be7 38. h4 Nb5 39. h5 Na3 40. Nd2 e5
41. f4 e4 42. Ne1 f5 43. Kg3 Ke6 44. Ng2 Bf6 45. Nb3 Nc4 46. Kh3 Be7 47. Kg3
Kf6 48. Be1 Bd8 49. Nd2 Ba5 50. Nf1 Bxe1+ 51. Nxe1 Nb4 52. Ng2 Nc2 53. gxf5 Nb2
54. Nh2 Kxf5 55. Nh4+ Ke6 56. Ng4 Nd3 57. f5+ Kf7 58. Ng6 Ncb4 59. Nh4 Na6 60.
f6 gxf6 61. Nxh6+ Kg7 62. N4f5+ 1-0

[Event "Dutch Championship 2015"]
[Site "Amsterdam NED"]
[Date "2015.07.08"]
[Round "4"]
[White "Van Kampen, Robin"]
[Black "Ernst, Sipke"]
[Result "1/2-1/2"]
[WhiteElo "2609"]
[BlackElo "2545"]
[PlyCount "40"]
[EventDate "2015.07.05"]

1. e4 e5 2. Nf3 Nc6 3. Bb5 a6 4. Ba4 Nf6 5. O-O Be7 6. Re1 b5 7. Bb3 d6 8. c3
O-O 9. h3 h6 10. d4 Re8 11. Nbd2 Bf8 12. Nf1 Bd7 13. Bc2 Na5 14. b3 c5 15. Ng3
Nc6 16. Be3 cxd4 17. cxd4 exd4 18. Nxd4 d5 19. exd5 Nb4 20. Nc6 Nxc6 1/2-1/2

[Event "Dutch Championship 2015"]
[Site "Amsterdam NED"]
[Date "2015.07.08"]
[Round "4"]
[White "Tiviakov, Sergei"]
[Black "L'Ami, Erwin"]
[Result "1/2-1/2"]
[WhiteElo "2639"]
[BlackElo "2628"]
[PlyCount "89"]
[EventDate "2015.07.05"]

1. e4 e5 2. Nf3 Nc6 3. Bb5 Nf6 4. Qe2 Be7 5. O-O d6 6. d4 exd4 7. Nxd4 Bd7 8.
Bxc6 bxc6 9. Rd1 O-O 10. e5 Nd5 11. c4 dxe5 12. Nf3 Nf4 13. Qxe5 Ng6 14. Qa5
Qc8 15. Bg5 Bd6 16. Nbd2 Re8 17. Re1 Qb7 18. c5 Bf8 19. Qc3 Be6 20. Nd4 Bd5 21.
b3 Reb8 22. a3 Re8 23. Be3 Qc8 24. f3 Be7 25. Nc2 Qf5 26. Nf1 Nf4 27. Nd4 Bf6
28. Rad1 Ne6 29. b4 Qg6 30. Kf2 h5 31. Qd3 Qxd3 32. Rxd3 Nxd4 33. Bxd4 Rxe1 34.
Kxe1 Bc4 35. Rd2 Re8+ 36. Kf2 Bxd4+ 37. Rxd4 Re2+ 38. Kg3 Bd5 39. h4 f6 40. Rd2
Re1 41. Kf2 Ra1 42. Ne3 Be6 43. Rd3 Ra2+ 44. Kg3 Kf7 45. Kf4 1/2-1/2